Faculty of Law Library — Cairo University

Official Online Catalog

مجموعة القواعد القانونية التي قررتها محكمة النقض والإبرام في المواد الجنائية. (Record no. 63907)

MARC details
000 -LEADER
fixed length control field 01601nam a2200349 i 4500
003 - CONTROL NUMBER IDENTIFIER
control field EG-GICUC
005 - DATE AND TIME OF LATEST TRANSACTION
control field 20260416110205.0
008 - FIXED-LENGTH DATA ELEMENTS--GENERAL INFORMATION
fixed length control field 260220s19361355ua ||f |||| 00| 0 ara d
017 ## - COPYRIGHT OR LEGAL DEPOSIT NUMBER
Copyright or legal deposit number 1000/1936/15
040 ## - CATALOGING SOURCE
Original cataloging agency EG-GICUC
Language of cataloging ara
Transcribing agency EG-GICUC
Modifying agency EG-GICUC
Description conventions rda
041 ## - LANGUAGE CODE
Language code of text/sound track or separate title ara
082 04 - DEWEY DECIMAL CLASSIFICATION NUMBER
Edition number 21
Classification number 343.16331
Item number م ح . م
092 04 - LOCALLY ASSIGNED DEWEY CALL NUMBER (OCLC)
Edition number 21
099 ## - LOCAL FREE-TEXT CALL NUMBER (OCLC)
Classification number Law1 10 343.16331 م ح . م 1 ed - 1936
100 0# - MAIN ENTRY--PERSONAL NAME
Personal name محمود أحمد عمر
Relator term مؤلف.
245 10 - TITLE STATEMENT
Title مجموعة القواعد القانونية التي قررتها محكمة النقض والإبرام في المواد الجنائية.
Number of part/section of a work الجزء الثالث،
Name of part/section of a work عن المدة من 7 نوفمبر سنة 1932 وبين 26 أكتوبر سنة 1936 /
Statement of responsibility, etc. وضعها محمود أحمد عمر؛ راجعها الأستاذ احمد أمين بك.
250 ## - EDITION STATEMENT
Edition statement الطبعة الأولى
264 #1 - PRODUCTION, PUBLICATION, DISTRIBUTION, MANUFACTURE, AND COPYRIGHT NOTICE
Place of production, publication, distribution, manufacture القاهرة :
Name of producer, publisher, distributor, manufacturer مطبعة دار الكتب المصرية ،
Date of production, publication, distribution, manufacture, or copyright notice 1936.
300 ## - PHYSICAL DESCRIPTION
Extent 669 ؛ صفحة
Dimensions 24 سم.
Other physical details إيضاحيات، صور، مثيليات ؛
336 ## - CONTENT TYPE
Source rda content
Content type term text
337 ## - MEDIA TYPE
Source rda media
Media type term Computer
338 ## - CARRIER TYPE
Source rda carrier
Carrier type term Online Resource
504 ## - BIBLIOGRAPHY, ETC. NOTE
Bibliography, etc. note يشتمل على إرجاعات ببليوجرافية
546 ## - LANGUAGE NOTE
Language note النص باللغة العربية
650 1# - SUBJECT ADDED ENTRY--TOPICAL TERM
Topical term or geographic name entry element القانون الجنائي
Source of heading or term qrmak
650 1# - SUBJECT ADDED ENTRY--TOPICAL TERM
Topical term or geographic name entry element القواعد العامة في تطبيق العقوبات
Source of heading or term qrmak
651 1# - SUBJECT ADDED ENTRY--GEOGRAPHIC NAME
Source of heading or term qrmak
700 ## - ADDED ENTRY--PERSONAL NAME
Personal name سيد مصطفى بك
Relator term مراجع.
856 40 - ELECTRONIC LOCATION AND ACCESS
Uniform Resource Identifier <a href="https://fll.law.cu.edu.eg/fulltext/bks/B10-08461.pdf">https://fll.law.cu.edu.eg/fulltext/bks/B10-08461.pdf</a>
905 ## - Cataloger and Reviser Names
Cataloger Name: Gomana
Revisor Name: Yara
942 ## - ADDED ENTRY ELEMENTS (KOHA)
Source of classification or shelving scheme Dewey Decimal Classification
Koha item type Books
Edition 21
Suppress in OPAC No
Holdings
Withdrawn status Lost status Source of classification or shelving scheme Materials specified (bound volume or other part) Damaged status Not for loan Collection Home library Current library Date acquired Total checkouts Full call number Barcode Date last seen Copy number Price effective from Koha item type
    Dewey Decimal Classification V3   Not for loan القانون الجنائي جــــامعة القــاهرة مكتبة كلية الحقوق - المبنى الرئيسي 20.02.2026   Law1 10 343.16331 م ح . م 1 ed - 1936 1008461 V3, C1 B10-08461 20.02.2026 1 20.02.2026 Books
    Dewey Decimal Classification V3     القانون الجنائي جــــامعة القــاهرة مكتبة كلية الحقوق - المبنى الرئيسي 28.04.2026   Law1 10 343.16331 م ح . م 1 ed - 1936 1010882 V3, C2 B10-10882 28.04.2026 2 28.04.2026 Books
    Dewey Decimal Classification V3     القانون الجنائي مكتبة كلية الحقوق - فـرع الشيخ زايد مكتبة كلية الحقوق - فـرع الشيخ زايد 28.04.2026   Law2 10 343.16331 م ح . م 1 ed - 1936 1010910 V3, C3 B10-10910 28.04.2026 3 28.04.2026 Books

© All rights reserved — Faculty of Law, Cairo University